Dreams/ (Record no. 897)

MARC details
000 -LEADER
fixed length control field 00907cam a2200289 4500
005 - DATE AND TIME OF LATEST TRANSACTION
control field 20260322212038.0
008 - FIXED-LENGTH DATA ELEMENTS--GENERAL INFORMATION
fixed length control field data
010 ## - LIBRARY OF CONGRESS CONTROL NUMBER
LC control number 72011949
020 ## - INTERNATIONAL STANDARD BOOK NUMBER
International Standard Book Number 0691017921
020 ## - INTERNATIONAL STANDARD BOOK NUMBER
International Standard Book Number 9780691017921
040 ## - CATALOGING SOURCE
Original cataloging agency DLC
Transcribing agency DLC
Modifying agency DLC
041 1# - LANGUAGE CODE
Language code of text/sound track or separate title engfreger
050 00 - LIBRARY OF CONGRESS CALL NUMBER
Classification number BF1078
Item number .J84 1974
082 00 - DEWEY DECIMAL CLASSIFICATION NUMBER
Classification number 154.6/34
001 - CONTROL NUMBER
control field data
100 1# - MAIN ENTRY--PERSONAL NAME
Personal name Jung, C. G.
Dates associated with a name 1875-1961.
Fuller form of name (Carl Gustav),
240 10 - UNIFORM TITLE
Uniform title Selected works.
Language of a work English.
Date of a work 1974
245 10 - TITLE STATEMENT
Title Dreams/
Statement of responsibility, etc. C. G. Jung.
260 ## - PUBLICATION, DISTRIBUTION, ETC.
Place of publication, distribution, etc. [Princeton, N.J.]
Name of publisher, distributor, etc. Princeton University Press
Date of publication, distribution, etc. [1974]
300 ## - PHYSICAL DESCRIPTION
Extent xix, 337 p.
Other physical details illus.
Dimensions 22 cm.
350 ## - PRICE (NR) (BK AM CF MU VM SE) [OBSOLETE]
Price {dollar}3.95
440 #0 - SERIES STATEMENT/ADDED ENTRY--TITLE
Title Bollingen series,
Volume/sequential designation 20
500 ## - GENERAL NOTE
General note Consists of papers taken from The Collected works of C. G. Jung, vols. 4, 8, 12, and 16.
504 ## - BIBLIOGRAPHY, ETC. NOTE
Bibliography, etc. note Bibliography: p. 299-311.
650 #0 - SUBJECT ADDED ENTRY--TOPICAL TERM
Topical term or geographic name entry element Dreams.
856 42 - ELECTRONIC LOCATION AND ACCESS
Materials specified Publisher description
Uniform Resource Identifier <a href="http://www.loc.gov/catdir/description/prin021/72011949.html">http://www.loc.gov/catdir/description/prin021/72011949.html</a>
Holdings
Withdrawn status Lost status Damaged status Not for loan Home library Current library Shelving location Date acquired Total checkouts Full call number Barcode Date last seen Price effective from Koha item type
        Centerville Centerville General stacks 22/03/2026   154.6/34 BC0010925 22/03/2026 22/03/2026 Books